[Event "FRA-ch U20"]
[Site "Hyeres"]
[Date "2002.??.??"]
[Round "2.4"]
[White "Abergel, Thal"]
[Black "Moreau, David"]
[Result "1-0"]
[WhiteElo "2307"]
[BlackElo "2125"]
[PlyCount "51"]
[EventDate "2002.04.05"]
[EventType "swiss"]
[EventRounds "9"]
[EventCountry "FRA"]
[SourceTitle "EXT 2003"]
[Source "ChessBase"]
[SourceDate "2002.11.25"]
[SourceVersion "1"]
[SourceVersionDate "2002.11.25"]
[SourceQuality "1"]

1. e4 c6 2. d4 d5 3. Nc3 dxe4 4. Nxe4 Bf5 5. Ng3 Bg6 6. h4 h6 7. Nh3 Nf6 8. Nf4 Bh7 9. Bc4 e6 10. c3 Nd5 11. Qf3 Nd7 12. h5 N7f6 13. 0-0 Qc7 14. Bd3 Bxd3 15. Nxd3 Bd6 16. c4 Ne7 17. Ne4 Bh2+ 18. Kh1 Nf5 19. Nxf6+ gxf6 20. g4 Ne7 21. Qxf6 0-0-0 22. Be3 c5 23. Nxc5 Nc6 24. Ne4 Rhg8 25. f3 Bd6 26. Rad1 1-0

[Event "FRA-chT2"]
[Site "France"]
[Date "2002.??.??"]
[Round "7"]
[White "Chevalier, Eric"]
[Black "Moreau, David"]
[Result "1/2-1/2"]
[WhiteElo "2122"]
[BlackElo "2125"]
[PlyCount "96"]
[EventDate "2002.??.??"]
[EventType "team"]
[EventRounds "11"]
[EventCountry "FRA"]
[SourceTitle "EXT 2003"]
[Source "ChessBase"]
[SourceDate "2002.11.25"]
[SourceVersion "1"]
[SourceVersionDate "2002.11.25"]
[SourceQuality "1"]

1. e4 c6 2. d4 d5 3. f3 g6 4. c3 Bg7 5. Bf4 e6 6. Bd3 Ne7 7. Qd2 0-0 8. h4 h5 9. Nh3 Kh8 10. Bh6 Ng8 11. Bxg7+ Kxg7 12. Nf4 e5 13. dxe5 Re8 14. exd5 Rxe5+ 15. Be2 cxd5 16. Na3 Qa5 17. Nc2 Nf6 18. Nd4 Nc6 19. a3 Bd7 20. 0-0-0 a6 21. Rde1 Rae8 22. Nxc6 Bxc6 23. Nd3 Re3 24. Bd1 Qb6 25. Rxe3 Rxe3 26. Re1 Rxe1 27. Nxe1 Qg1 28. Bb3 Qh2 29. Qg5 Qg1 30. Qe5 Kg8 31. Kd1 Qb6 32. Ba2 Qxb2 33. Qxf6 Qxa2 34. Qd8+ Kg7 35. Qa5 Qb3+ 36. Kd2 Qc4 37. Qb4 Qf1 38. Qd4+ Kg8 39. f4 Bb5 40. Qe3 Qc4 41. Nc2 Qe4 42. Qxe4 dxe4 43. Ke3 f5 44. Kd4 Kf7 45. Kc5 Ke7 46. Ne3 Bc6 47. g3 Kd7 48. Kd4 Ke6 1/2-1/2